| 000 | 00324nam a22001337a 4500 | ||
|---|---|---|---|
| 020 | _a9788178083735 | ||
| 040 | _cNUST | ||
| 082 |
_a621.382 _bSKL |
||
| 100 | _aSklar, Bernard | ||
| 245 | _aDigital Communications | ||
| 260 |
_aIndia: _bPearson Education Inc, _c2005. |
||
| 650 |
_aBig Red Baloon _9123006 |
||
| 942 |
_2ddc _cBK |
||
| 999 |
_c609347 _d609347 |
||